Famous People Named Elliott, Elliot, or Eliot - Statistics

General Stats
  • This quiz has been taken 200 times
    172 since last reset
  • The average score is 6 of 13
Answer Stats
Hint Answer % Correct
Movie in which young Elliott's new friend is from out of this world E.T. the Extra-Terrestrial
74%
Character who wants to dance ballet, and he's also a boy Billy Elliot
70%
Victorian writer of Middlemarch (was actually a woman) George Eliot
63%
American Prohibition agent, leader of The Untouchables Eliot Ness
62%
Modernist poet of "The Love Song of J. Alfred Prufrock" T.S. Eliot
57%
Rapper and singer who is supa dupa fly Missy Elliott
50%
American actor in M*A*S*H and The Long Goodbye Elliott Gould
47%
Protagonist of Kurt Vonnegut's God Bless You, Mr. Rosewater (obviously) Eliot Rosewater
38%
Mustachioed character actor in The Big Lebowski Sam Elliott
33%
Highly-acclaimed indie singer-songwriter (1969-2003) Elliott Smith
26%
Lead singer of Def Leppard Joe Elliott
26%
Funny actor in There's Something About Mary and Get a Life Chris Elliot
21%
Governor of New York involved in prostitution scandal Eliot Spitzer
18%
No matching quizzes found
Score Distribution
Percent of People with Each Score
Percentile by Number Answered
Your Score History
You have not taken this quiz since the last reset